Biblioteca y Centro de Documentación

Mi vida como economista (Registro nro. 15)

Detalles MARC
000 -CABECERA
Longitud fija campo de control 01178nam a2200325 c 4500
001 - NÚMERO DE CONTROL
Número de control 15
003 - IDENTIFICADOR DE NÚMERO DE CONTROL
Identificador del número de control ES-MaCES
005 - FECHA Y HORA DE LA ÚLTIMA TRANSACCIÓN
Fecha y hora de la última transacción 20141221121450.0
008 - CAMPO FIJO DE DESCRIPCIÓN FIJA--INFORMACIÓN GENERAL
Códigos de información de longitud fija   940516s1993 sp ||| | spa d
017 ## - NÚMERO DE REGISTRO DE DERECHOS DE AUTOR Y DEPÓSITO LEGAL
Número de copyright o de depósito legal M 12503-1993
Agencia que asigna el número DL
020 ## - ISBN (INTERNATIONAL STANDARD BOOK NUMBER)
Número Internacional Normalizado para Libros (ISBN) 8487553494
035 ## - NÚMERO DE CONTROL DEL SISTEMA
Número de control del sistema CES19980000156m
040 ## - FUENTE DE CATALOGACIÓN
Centro catalogador de origen ES-MaCES
Lengua de catalogación spa
Centro transcriptor ES-MaCES
245 00 - MENCIÓN DE TÍTULO
Título Mi vida como economista
Resto del título : diez premios nobeles, W.A. Lewis, L.R. Klein, K.J. Arrow, P.A. Samuelson, M. Friedman, G.J. Stigler, J. Tobin, F. Modigliani, J.M. Buchanan, R.M. Solow
Mención de responsabilidad, etc. William Breit, Roger W. Spencer editores
250 ## - MENCIÓN DE EDICIÓN
Mención de edición [2ª ed.]
260 ## - PUBLICACIÓN, DISTRIBUCIÓN, ETC (PIE DE IMPRENTA)
Lugar de publicación, distribución, etc. Madrid
Nombre del editor, distribuidor, etc. Colegio de Economistas de Madrid
Fecha de publicación, distribución, etc. D.L. 1993
Nombre del editor, distribuidor, etc. Celeste
300 ## - DESCRIPCIÓN FÍSICA
Extensión 265 p.
Dimensiones 20 cm
500 ## - NOTA GENERAL
Nota general Traducción de: Lives of the Laureates, ten nobel economist
541 ## - NOTA DE LA FUENTE INMEDIANTE DE ADQUISICIÓN
Forma de adquisición Compra
650 #4 - ASIENTO SECUNDARIO DE MATERIA--TÉRMINO DE MATERIA
Término de materia o nombre geográfico como elemento inicial economista
9 (RLIN) 28467
650 #4 - ASIENTO SECUNDARIO DE MATERIA--TÉRMINO DE MATERIA
Término de materia o nombre geográfico como elemento inicial S. XX
9 (RLIN) 30812
650 #4 - ASIENTO SECUNDARIO DE MATERIA--TÉRMINO DE MATERIA
Término de materia o nombre geográfico como elemento inicial biografía
9 (RLIN) 28935
653 10 - TÉRMINO DE INDEXACIÓN--NO CONTROLADO
Término no controlado Ciencias Sociales-Políticas
700 1# - ENCABEZAMIENTO SECUNDARIO--NOMBRE PERSONAL
Nombre de persona Briet, William
Término indicativo de función ed. lit.
9 (RLIN) 8315
700 1# - ENCABEZAMIENTO SECUNDARIO--NOMBRE PERSONAL
Nombre de persona Spencer, Roger W.
Término indicativo de función ed. lit.
9 (RLIN) 24362
710 2# - ENCABEZAMIENTO SECUNDARIO--NOMBRE CORPORATIVO
Nombre de entidad o nombre de jurisdicción como elemento inicial Colegio de Economistas de Madrid
Término indicativo de función ed.
9 (RLIN) 1990
902 ## - CES. TIPO DE DOCUMENTO
Tipodoc (006$c Sirtex) LIB Libro
942 ## - ELEMENTOS KOHA
Fuente de clasificaión o esquema Clasificación propia del CES
Koha [por defecto] tipo de item Monografías
Parte de clasificación 7.0.
Existencias
Número de registro Signatura completa Tipo de item de Koha
000015 DPT-2393 Monografías
© CES, Consejo Económico y Social de España 2021